Analysis of Financial Viability of a Capital Project & Sensitivity Analysis (Record no. 97229)
[ view plain ]
| 000 -LEADER | |
|---|---|
| fixed length control field | 00454nam a2200145Ia 4500 |
| 008 - FIXED-LENGTH DATA ELEMENTS--GENERAL INFORMATION | |
| fixed length control field | 230128s9999 xx 000 0 und d |
| 041 ## - LANGUAGE CODE | |
| Language code of text/sound track or separate title | eng |
| 082 ## - DEWEY DECIMAL CLASSIFICATION NUMBER | |
| Classification number | SAB PR0455 |
| Item number | SAB |
| 100 ## - MAIN ENTRY--PERSONAL NAME | |
| Personal name | Saboji Neha - 2K101040 & Prof. Sonali Parchure - Guide |
| 9 (RLIN) | 118931 |
| 245 ## - TITLE STATEMENT | |
| Title | Analysis of Financial Viability of a Capital Project & Sensitivity Analysis |
| 260 ## - PUBLICATION, DISTRIBUTION, ETC. (IMPRINT) | |
| Date of publication, distribution, etc. | 2012 |
| Name of publisher, distributor, etc. | Pune University |
| Place of publication, distribution, etc. | Pune |
| 300 ## - PHYSICAL DESCRIPTION | |
| Extent | 74p |
| 502 ## - DISSERTATION NOTE | |
| Name of granting institution | Parchure Sonali |
No items available.